| 000 | 00890cam a22002174a 4500 | ||
|---|---|---|---|
| 005 | 20250605164028.0 | ||
| 008 | 250528s ||||||||||||||||||||||||d | ||
| 035 | _a16531 | ||
| 020 | _a9603010707 | ||
| 040 |
_aGR-AtMCL _bgre _dGR-AtMCL _eAACR2 |
||
| 245 | 1 | _aΑσκήσεις Ειδικού Ενοχικού Δικαίου / Με Υποδείγματα Λύσεων | |
| 250 | _a3η | ||
| 260 |
_bΣάκκουλα, _c1993 |
||
| 300 | _a276 | ||
| 520 | _a3η έκδοση με βελτιώσεις και προσθήκες. Μικτές Συμβάσεις, Δωρεά, Πώληση, Μίσθωση Πράγματος, Σύμβαση Έργου, Αδικαιολόγητος Πλουτισμός, Αδικοπραξία. | ||
| 700 | 1 |
_aΔεληγιαννης Ιω. Γ _92629 |
|
| 700 | 1 |
_aΚορνηλακης Π. Κ _92630 |
|
| 942 | _cBK | ||
| 999 |
_c2024 _d2024 |
||